[Event "Montcalm 1 2016-17"]
[Site "Quebec CAN"]
[Date "2016.10.06"]
[Round "5"]
[White "Abran, David"]
[Black "Tremblay, Rejean"]
[Result "0-1"]
[WhiteElo "1888"]
[BlackElo "2223"]
[PlyCount "44"]
[EventDate "2016.09.08"]
[EventType "swiss"]
[EventRounds "5"]
[EventCountry "CAN"]

1. b3 e5 2. Bb2 Nc6 3. e3 d5 4. Nf3 e4 5. Nd4 Nxd4 6. exd4 Nf6 7. Be2 Bd6 8.
O-O Qe7 9. f3 O-O 10. c4 c6 11. c5 Bc7 12. b4 exf3 13. Bxf3 Ne4 14. Qe2 Qe6 15.
d3 Ng5 16. Nd2 Nxf3+ 17. Qxf3 Qh6 18. h3 Qxd2 19. Rae1 Be6 20. Re2 Qg5 21. Bc1
Qg3 22. Qxg3 Bxg3 0-1

[Event "Montcalm 1 2016-17"]
[Site "Quebec CAN"]
[Date "2016.10.06"]
[Round "5"]
[White "Betancourt, Juan-Mauricio"]
[Black "Quigley, Charles-David"]
[Result "1-0"]
[WhiteElo "1938"]
[BlackElo "1400"]
[PlyCount "53"]
[EventDate "2016.09.08"]
[EventType "swiss"]
[EventRounds "5"]
[EventCountry "CAN"]

1. e4 c5 2. Nf3 e6 3. d4 cxd4 4. Nxd4 Nc6 5. Be3 a6 6. Be2 Nf6 7. f3 Qc7 8. Nc3
Bb4 9. a3 Bxc3+ 10. bxc3 h6 11. Nxc6 Qxc6 12. c4 d6 13. Qd3 Ke7 14. O-O Rd8 15.
Rab1 Nd7 16. Qc3 e5 17. Bf2 Rb8 18. Qb2 b6 19. Bh4+ f6 20. Bd3 Nc5 21. f4 Kf7
22. fxe5 dxe5 23. Qxe5 Bb7 24. Qh5+ Kg8 25. Rxf6 gxf6 26. Qg6+ Kf8 27. Bxf6 1-0

[Event "Montcalm 1 2016-17"]
[Site "Quebec CAN"]
[Date "2016.10.06"]
[Round "5"]
[White "Doyon, Stephane"]
[Black "Cummins, Paul"]
[Result "1-0"]
[WhiteElo "1870"]
[BlackElo "1732"]
[PlyCount "61"]
[EventDate "2016.09.08"]
[EventType "swiss"]
[EventRounds "5"]
[EventCountry "CAN"]

1. e4 e6 2. d4 c5 3. Nf3 cxd4 4. c3 d3 5. Bxd3 Nc6 6. c4 a6 7. Nc3 Qc7 8. O-O
Nf6 9. h3 Be7 10. Be3 Ne5 11. Nxe5 Qxe5 12. f4 Qc7 13. e5 Ng8 14. Qg4 g6 15.
Rad1 f5 16. Qe2 Nh6 17. Qf2 Nf7 18. Bb6 Qc6 19. Be2 Bd8 20. Bc5 Be7 21. Bxe7
Kxe7 22. Qh4+ Kf8 23. Kh2 Qc7 24. Rd4 Qd8 25. Qf2 Qe7 26. Rfd1 g5 27. Bf3 Rb8
28. Bh5 gxf4 29. Bxf7 Kxf7 30. Rxf4 Ke8 31. Qa7 1-0

[Event "Montcalm 1 2016-17"]
[Site "Quebec CAN"]
[Date "2016.10.06"]
[Round "5"]
[White "Lamontagne, Danny"]
[Black "Cournoyer, Dominic"]
[Result "1-0"]
[WhiteElo "1864"]
[BlackElo "1947"]
[PlyCount "113"]
[EventDate "2016.09.08"]
[EventType "swiss"]
[EventRounds "5"]
[EventCountry "CAN"]

1. e4 d5 2. exd5 Qxd5 3. Nc3 Qa5 4. Bc4 Nf6 5. d3 e5 6. Bd2 Qb6 7. Nf3 Bb4 8.
Nxe5 O-O 9. O-O Qa5 10. Re1 Nbd7 11. Nf3 Nb6 12. Re5 c5 13. Bb3 Nbd7 14. Re1
Qd8 15. a3 Ba5 16. Bg5 h6 17. Bf4 Bxc3 18. bxc3 b6 19. Bd6 Re8 20. Rxe8+ Qxe8
21. Qd2 Bb7 22. Re1 Qc8 23. Qf4 Nd5 24. Qf5 N7f6 25. Qxc8+ Rxc8 26. Bxd5 Bxd5
27. Nh4 Be6 28. f4 g6 29. Nxg6 Kg7 30. Nh4 Ne8 31. f5 Bd7 32. Bf4 Ba4 33. Re2
Rd8 34. Nf3 h5 35. h3 Nd6 36. Bxd6 Rxd6 37. g4 hxg4 38. hxg4 Bc6 39. Kf2 Rh6
40. Kg3 Rh1 41. Re7 Rc1 42. Ne5 Ba4 43. Rxf7+ Kg8 44. Rxa7 Bxc2 45. d4 cxd4 46.
cxd4 Rd1 47. Rd7 Ra1 48. Kf4 Rxa3 49. f6 Bb3 50. Rg7+ Kf8 51. Nd7+ Ke8 52. Re7+
Kd8 53. Nxb6 Bd1 54. Nd5 Rf3+ 55. Kg5 Rg3 56. f7 Rxg4+ 57. Kf5 1-0

[Event "Montcalm 1 2016-17"]
[Site "Quebec CAN"]
[Date "2016.10.06"]
[Round "5"]
[White "Leblanc-Legault, Mathieu"]
[Black "Halhal, Sami"]
[Result "0-1"]
[WhiteElo "1695"]
[BlackElo "1830"]
[PlyCount "100"]
[EventDate "2016.09.08"]
[EventType "swiss"]
[EventRounds "5"]
[EventCountry "CAN"]

1. Nf3 d6 2. d4 Nf6 3. e3 g6 4. b4 Bg7 5. Be2 O-O 6. O-O b6 7. c4 Bb7 8. Bb2
Nbd7 9. Nc3 a5 10. b5 e5 11. a4 Qe7 12. Qc2 Nh5 13. g3 f5 14. Nh4 Nhf6 15. f4
exf4 16. exf4 Qe3+ 17. Rf2 Ne4 18. Nd1 Qd2 19. Bf3 Qxc2 20. Rxc2 Rae8 21. Nf2
Ndf6 22. Re2 Nxf2 23. Rxe8 Rxe8 24. Bxb7 Re2 25. Bc3 N6e4 26. Ra3 Nxc3 27. Rxc3
Bxd4 28. Kf1 Rb2 29. Ra3 Ng4 30. Nf3 Ne3+ 31. Rxe3 Bxe3 32. Ng5 Rxh2 33. Ne6
Ra2 34. Nxc7 Rxa4 35. Bd5+ Kf8 36. Ne6+ Ke7 37. Ng5 h6 38. Nf3 Ra2 39. Nh4 Kf6
40. c5 Rf2+ 41. Ke1 dxc5 42. Nf3 Rb2 43. Ne5 Bf2+ 44. Kf1 Bxg3 45. Bc6 Bxf4 46.
Nd7+ Kg5 47. Nxb6 Rb4 48. Nd5 c4 49. Nxb4 axb4 50. Be4 fxe4 0-1

[Event "Montcalm 1 2016-17"]
[Site "Quebec CAN"]
[Date "2016.10.06"]
[Round "5"]
[White "Ripoll, Arthur"]
[Black "Myre, Eric"]
[Result "1-0"]
[WhiteElo "1709"]
[BlackElo "1962"]
[PlyCount "51"]
[EventDate "2016.09.08"]
[EventType "swiss"]
[EventRounds "5"]
[EventCountry "CAN"]

1. e4 c5 2. Nf3 Nc6 3. d4 cxd4 4. Nxd4 g6 5. Nc3 Bg7 6. Be3 Nf6 7. Bc4 O-O 8.
Bb3 Qa5 9. O-O d6 10. Nd5 Nxd5 11. exd5 Ne5 12. h3 Re8 13. f4 Nd7 14. f5 Nc5
15. c4 Nxb3 16. axb3 Qd8 17. Qe2 a6 18. Qf2 Rf8 19. Rae1 e5 20. f6 exd4 21.
fxg7 Kxg7 22. Bxd4+ f6 23. Bb6 Qd7 24. Re6 f5 25. Rfe1 Rf7 26. Qd4+ 1-0

[Event "Montcalm 1 2016-17"]
[Site "Quebec CAN"]
[Date "2016.10.06"]
[Round "5"]
[White "Stoyanova, Stela"]
[Black "Dumont, Eric"]
[Result "0-1"]
[WhiteElo "1476"]
[BlackElo "1765"]
[PlyCount "70"]
[EventDate "2016.09.08"]
[EventType "swiss"]
[EventRounds "5"]
[EventCountry "CAN"]

1. Nf3 d5 2. d4 Nf6 3. Nbd2 g6 4. h3 Bg7 5. e3 b6 6. Be2 c5 7. c3 O-O 8. O-O
Ba6 9. Bxa6 Nxa6 10. Ne5 Nb8 11. a3 Qd6 12. f4 Nc6 13. Ndf3 Ne4 14. Qe1 Rac8
15. b4 cxd4 16. cxd4 f6 17. Nxc6 Rxc6 18. Bb2 Rc2 19. Rb1 Rfc8 20. Bc1 Nc3 21.
Ra1 Re2 22. Qh4 Ne4 23. Ne1 Rc6 24. Qg4 Nc3 25. a4 Qxb4 26. Qd7 Qd6 27. Qe8+
Bf8 28. Ba3 Qe6 29. Bxe7 Rc8 30. f5 Qxe3+ 31. Kh1 Rxe8 32. Bxf6 Ne4 33. Rf3
Rxe1+ 34. Rxe1 Qxe1+ 35. Kh2 Nxf6 0-1

[Event "Montcalm 2 2016-17"]
[Site "Quebec CAN"]
[Date "2016.10.13"]
[Round "1"]
[White "Betancourt, Juan-Mauricio"]
[Black "Lessard, Claude"]
[Result "0-1"]
[WhiteElo "1861"]
[BlackElo "2132"]
[PlyCount "34"]
[EventDate "2016.10.13"]
[EventType "swiss"]
[EventRounds "5"]
[EventCountry "CAN"]

1. e4 d6 2. d4 Nf6 3. Nc3 g6 4. Nf3 Bg7 5. Bd3 O-O 6. h3 Na6 7. Be3 c5 8. Bxa6
cxd4 9. Nxd4 bxa6 10. Qd2 Bb7 11. f3 Qc7 12. O-O d5 13. exd5 Nxd5 14. Nxd5 Bxd5
15. b3 Rfd8 16. c4 Bb7 17. f4 Rxd4 0-1

[Event "Montcalm 2 2016-17"]
[Site "Quebec CAN"]
[Date "2016.10.13"]
[Round "1"]
[White "Cummins, Paul"]
[Black "Garcia, Carlos"]
[Result "1/2-1/2"]
[WhiteElo "1766"]
[BlackElo "1845"]
[PlyCount "111"]
[EventDate "2016.10.13"]
[EventType "swiss"]
[EventRounds "5"]
[EventCountry "CAN"]

1. Nf3 Nf6 2. b3 g6 3. Bb2 Bg7 4. d3 O-O 5. Nbd2 d6 6. c4 e5 7. e3 Nc6 8. a3
Ng4 9. Qc2 f5 10. Be2 Nh6 11. O-O g5 12. b4 g4 13. Ne1 Ne7 14. f4 gxf3 15. Bxf3
Ng6 16. Nb3 Qg5 17. Qd2 f4 18. e4 Rf6 19. d4 Nf7 20. Nc1 Be6 21. d5 Bd7 22.
Ncd3 Kh8 23. Bd1 Nh4 24. Nf3 Nxf3+ 25. Bxf3 Rg8 26. Rf2 Qh4 27. Ne1 Rh6 28. Kf1
Qxh2 29. Ke2 Qg3 30. Kd1 Ng5 31. Kc2 Rh2 32. Nd3 h5 33. Qe2 Bg4 34. Raf1 Bf6
35. Bxg4 hxg4 36. Nxf4 Nf3 37. gxf3 Rxf2 38. Rxf2 Qxf4 39. fxg4 Qg5 40. Bc1 Qg6
41. Rf5 Kg7 42. Qf3 Be7 43. Kd3 Rh8 44. Rh5 Rxh5 45. gxh5 Qg1 46. Qe3 Qd1+ 47.
Bd2 Qf1+ 48. Kc3 Qa1+ 49. Kc2 Qa2+ 50. Kd1 Kf7 51. Qd3 Qa1+ 52. Ke2 Qg1 53.
Qf3+ Ke8 54. Qh3 Qd4 55. Qc8+ Bd8 56. Qe6+ 1/2-1/2

[Event "Montcalm 2 2016-17"]
[Site "Quebec CAN"]
[Date "2016.10.13"]
[Round "1"]
[White "Doyon, Stephane"]
[Black "Halhal, Sami"]
[Result "0-1"]
[WhiteElo "1852"]
[BlackElo "1808"]
[PlyCount "64"]
[EventDate "2016.10.13"]
[EventType "swiss"]
[EventRounds "5"]
[EventCountry "CAN"]

1. e4 d6 2. d4 Nf6 3. Nc3 g6 4. f4 Bg7 5. Nf3 O-O 6. Bd3 Bg4 7. h3 Bxf3 8. Qxf3
Nc6 9. Be3 e5 10. dxe5 dxe5 11. O-O exf4 12. Qxf4 Nh5 13. Qf2 Ne5 14. Be2 c6
15. g4 Nf6 16. Bg5 Ned7 17. Rad1 Qa5 18. Rxd7 Nxd7 19. Be7 Bxc3 20. Bxf8 Rxf8
21. bxc3 Qxa2 22. Qd4 Qe6 23. Qxa7 b5 24. Qd4 Ne5 25. Ra1 Re8 26. Ra7 Qf6 27.
Qf2 Qg5 28. Bd3 Re6 29. Ra8+ Kg7 30. Ra1 Rf6 31. Qg2 Qe3+ 32. Kh1 Rf2 0-1

[Event "Montcalm 2 2016-17"]
[Site "Quebec CAN"]
[Date "2016.10.13"]
[Round "1"]
[White "Dumont, Eric"]
[Black "Dube, Daniel"]
[Result "0-1"]
[WhiteElo "1771"]
[BlackElo "1835"]
[PlyCount "94"]
[EventDate "2016.10.13"]
[EventType "swiss"]
[EventRounds "5"]
[EventCountry "CAN"]

1. d4 Nf6 2. Nf3 g6 3. Bf4 b6 4. c4 Bg7 5. e3 d6 6. Nc3 Nh5 7. Bg3 Nd7 8. Bh4
O-O 9. Be2 Bb7 10. O-O Nhf6 11. Rc1 c5 12. d5 h6 13. Qc2 a6 14. Bd3 b5 15. b3
Nb6 16. Bxf6 Bxf6 17. h4 e6 18. Bxg6 fxg6 19. Qxg6+ Bg7 20. Qxe6+ Kh8 21. Ne4
Bc8 22. Qxd6 Qxd6 23. Nxd6 Bg4 24. Nd2 b4 25. f3 Bd7 26. Nb7 Rae8 27. Nxc5 Rxe3
28. Nxd7 Nxd7 29. Ne4 Bd4 30. Kh1 Rf4 31. g3 Rfxf3 32. Rxf3 Rxf3 33. Kg2 Re3
34. Nd6 Bc5 35. Nb7 Re2+ 36. Kh3 Rxa2 37. Re1 Rb2 38. Re6 Rxb3 39. Rxh6+ Kg7
40. Rxa6 Rc3 41. Nxc5 Nxc5 42. Ra7+ Kf6 43. d6 Ke6 44. h5 b3 45. h6 b2 46. d7
b1=Q 47. Ra2 Nxd7 0-1

[Event "Montcalm 2 2016-17"]
[Site "Quebec CAN"]
[Date "2016.10.13"]
[Round "1"]
[White "Fillion, Jean-Yves"]
[Black "Ripoll, Arthur"]
[Result "0-1"]
[WhiteElo "1266"]
[BlackElo "1710"]
[PlyCount "78"]
[EventDate "2016.10.13"]
[EventType "swiss"]
[EventRounds "5"]
[EventCountry "CAN"]

1. e4 c5 2. Nf3 Nc6 3. c3 g6 4. d4 cxd4 5. cxd4 e6 6. Nc3 Bg7 7. Bf4 Qb6 8. Nb5
a6 9. Nc7+ Ke7 10. Nxa8 Qxb2 11. e5 Qc3+ 12. Bd2 Qa3 13. Be2 Nh6 14. O-O b5 15.
Qc2 Bb7 16. Nb6 Nf5 17. Rab1 Kd8 18. Rfc1 Qe7 19. Bb4 Qe8 20. d5 exd5 21. Nxd5
Kc8 22. Bd3 Kb8 23. Bxf5 gxf5 24. Bd6+ Kc8 25. Qc5 Bf8 26. Qb6 Bxd6 27. exd6
Kb8 28. Qc7+ Ka7 29. Rb3 Qd8 30. Qxd8 Rxd8 31. Ng5 h6 32. Nxf7 Re8 33. Re3 Rf8
34. Nxh6 f4 35. Rf3 Nd4 36. Rc7 Nxf3+ 37. gxf3 Kb8 38. Rxd7 Bxd5 39. Rf7 Bxf7
0-1

[Event "Montcalm 2 2016-17"]
[Site "Quebec CAN"]
[Date "2016.10.13"]
[Round "1"]
[White "Leblanc-Legault, Mathieu"]
[Black "Hines, Jason"]
[Result "1-0"]
[WhiteElo "1743"]
[BlackElo "1430"]
[PlyCount "83"]
[EventDate "2016.10.13"]
[EventType "swiss"]
[EventRounds "5"]
[EventCountry "CAN"]

1. Nf3 Nf6 2. d4 d5 3. e3 e6 4. b3 c5 5. Bb2 Nc6 6. Bd3 Bd6 7. dxc5 Bxc5 8. O-O
O-O 9. Nbd2 Bb6 10. Qb1 Bc7 11. c4 e5 12. cxd5 Qxd5 13. Ne4 Ne8 14. Nc3 Qe6 15.
Bxh7+ Kh8 16. Bd3 Qh6 17. Nd5 Bd6 18. Bf5 Nf6 19. Nxf6 gxf6 20. Qe4 Bxf5 21.
Qxf5 Rg8 22. Qe4 Qh5 23. Qh4 Qxh4 24. Nxh4 Ne7 25. Rfd1 Rad8 26. h3 f5 27. f4
f6 28. Nf3 Rg3 29. fxe5 Rdg8 30. exd6 Rxg2+ 31. Kh1 Nc6 32. Bxf6+ Kh7 33. d7
Rf2 34. Ng5+ Kg6 35. d8=Q Nxd8 36. Rxd8 Rxd8 37. Bxd8 Rd2 38. Rg1 Rxd8 39. Ne6+
Kf6 40. Nxd8 Ke7 41. Rg7+ Kxd8 42. h4 1-0

[Event "Montcalm 2 2016-17"]
[Site "Quebec CAN"]
[Date "2016.10.13"]
[Round "1"]
[White "Sarra-Bournet, Marc"]
[Black "Auger, Bertrand"]
[Result "0-1"]
[WhiteElo "1862"]
[BlackElo "1973"]
[PlyCount "84"]
[EventDate "2016.10.13"]
[EventType "swiss"]
[EventRounds "5"]
[EventCountry "CAN"]

1. e4 e6 2. d4 d5 3. Nd2 dxe4 4. Nxe4 Bd7 5. Nf3 Bc6 6. Bd3 Nd7 7. O-O Ngf6 8.
Ng3 Be7 9. c4 Bxf3 10. Qxf3 c6 11. Be3 O-O 12. Rad1 Qa5 13. Bb1 Rfe8 14. Bc1
Rad8 15. a3 Nf8 16. b4 Qc7 17. Rfe1 Ng6 18. Bg5 Rd7 19. Bxf6 Bxf6 20. Re4 Red8
21. Qe3 Be5 22. Rd3 f5 23. Rxe5 f4 24. Qe4 fxg3 25. Rxe6 gxf2+ 26. Kxf2 Qf4+
27. Kg1 Rf8 28. Rf3 Qc1+ 29. Qe1 Qxe1+ 30. Rxe1 Rxf3 31. gxf3 Nh4 32. Kf2 Rxd4
33. Re7 Rd1 34. Be4 Rd2+ 35. Kg3 g5 36. Rxb7 h5 37. Bxc6 Rg2+ 38. Kh3 Rg1 39.
Bd5+ Kh8 40. f4 Ng6 41. Rb8+ Kh7 42. Be4 g4# 0-1

[Event "Montcalm 2 2016-17"]
[Site "Quebec CAN"]
[Date "2016.10.13"]
[Round "1"]
[White "Tremblay, Rejean"]
[Black "Abran, David"]
[Result "1-0"]
[WhiteElo "2170"]
[BlackElo "1894"]
[PlyCount "73"]
[EventDate "2016.10.13"]
[EventType "swiss"]
[EventRounds "5"]
[EventCountry "CAN"]

1. d4 Nf6 2. c4 e6 3. Nf3 Bb4+ 4. Nbd2 d5 5. e3 O-O 6. a3 Be7 7. Bd3 b6 8. b3
Bb7 9. Qc2 Nbd7 10. cxd5 exd5 11. O-O Rc8 12. Ne5 c5 13. Nxd7 Qxd7 14. Bf5 Qd6
15. Bxc8 Rxc8 16. Qf5 c4 17. bxc4 dxc4 18. Nf3 Qc6 19. Ne1 Rd8 20. f3 Rd5 21.
Qc2 Rh5 22. f4 Qc8 23. Nf3 Be4 24. Qd1 Bd3 25. Re1 Qg4 26. Bb2 Ne4 27. Qa4 Qc8
28. Ne5 Rxe5 29. dxe5 h5 30. Red1 Qd8 31. Bd4 Bh4 32. Ra2 f6 33. exf6 Bxf6 34.
Bxf6 Nxf6 35. Qxc4+ Bxc4 36. Rxd8+ Kf7 37. Rc2 1-0

[Event "Montcalm 2 2016-17"]
[Site "Quebec CAN"]
[Date "2016.10.20"]
[Round "2"]
[White "Abran, David"]
[Black "Betancourt, Juan-Mauricio"]
[Result "0-1"]
[WhiteElo "1894"]
[BlackElo "1861"]
[PlyCount "108"]
[EventDate "2016.10.13"]
[EventType "swiss"]
[EventRounds "5"]
[EventCountry "CAN"]

1. d4 e6 2. c4 Nf6 3. Bg5 d5 4. e3 c6 5. Nc3 Nbd7 6. Nf3 Bd6 7. cxd5 exd5 8.
Bd3 O-O 9. Qc2 h6 10. Bh4 b6 11. O-O Bb7 12. e4 dxe4 13. Nxe4 Be7 14. Rfe1 Nxe4
15. Bxe7 Qxe7 16. Rxe4 Qd6 17. Rae1 c5 18. dxc5 Nxc5 19. Rd4 Qf6 20. Ne5 Rfe8
21. Qe2 Nxd3 22. Rxd3 Ba6 23. Nd7 Rxe2 24. Nxf6+ gxf6 25. Rg3+ Kf8 26. Rd1 Rae8
27. h3 Re1+ 28. Rxe1 Rxe1+ 29. Kh2 Re2 30. Ra3 Bc4 31. b3 Bd5 32. Kg3 a5 33.
Ra4 Re5 34. f3 Bc6 35. Rd4 Rd5 36. Rc4 Rc5 37. Rd4 Rc2 38. a4 Rb2 39. Rd6 Rc2
40. Rxf6 Kg7 41. Rd6 b5 42. axb5 Bxb5 43. Rd5 Bf1 44. Rxa5 Rxg2+ 45. Kf4 Rb2
46. h4 Rxb3 47. Kg4 Be2 48. Rf5 Bb5 49. Rf4 Kg6 50. Kg3 Bd7 51. Kg2 Bc6 52. Kg3
Rxf3+ 53. Rxf3 Bxf3 54. Kxf3 Kf5 0-1

[Event "Montcalm 2 2016-17"]
[Site "Quebec CAN"]
[Date "2016.10.20"]
[Round "2"]
[White "Auger, Bertrand"]
[Black "Lessard, Claude"]
[Result "1/2-1/2"]
[WhiteElo "1973"]
[BlackElo "2132"]
[PlyCount "57"]
[EventDate "2016.10.13"]
[EventType "swiss"]
[EventRounds "5"]
[EventCountry "CAN"]

1. Nf3 c5 2. c4 Nf6 3. g3 Nc6 4. Bg2 d6 5. O-O g6 6. Nc3 Bg7 7. d4 cxd4 8. Nxd4
Bd7 9. Nc2 O-O 10. b3 Rc8 11. Bb2 Qa5 12. Nb5 a6 13. Bc3 Qd8 14. Nbd4 Nxd4 15.
Bxd4 b5 16. Ne3 bxc4 17. Nxc4 Be6 18. Nb6 Rb8 19. Nd5 Bxd5 20. Bxd5 Nxd5 21.
Bxg7 Ne3 22. Qd3 Nxf1 23. Bxf8 Kxf8 24. Rxf1 Qa5 25. Qd4 f6 26. Qb2 Rc8 27. Rd1
Kf7 28. Qd2 Qxd2 29. Rxd2 1/2-1/2

[Event "Montcalm 2 2016-17"]
[Site "Quebec CAN"]
[Date "2016.10.20"]
[Round "2"]
[White "Dube, Daniel"]
[Black "Garcia, Carlos"]
[Result "1-0"]
[WhiteElo "1835"]
[BlackElo "1845"]
[PlyCount "77"]
[EventDate "2016.10.13"]
[EventType "swiss"]
[EventRounds "5"]
[EventCountry "CAN"]

1. e4 c5 2. Nf3 d6 3. d4 cxd4 4. Nxd4 Nf6 5. Nc3 a6 6. Bg5 e6 7. f4 Nbd7 8. Qe2
Qc7 9. g4 b5 10. a3 Bb7 11. Bg2 Be7 12. O-O-O O-O 13. Bh4 Nxe4 14. Nxe4 Bxh4
15. g5 d5 16. Ng3 Qxf4+ 17. Kb1 Bxg5 18. h4 Bh6 19. Nh5 Qe5 20. Qf3 g6 21. Ng3
Bg7 22. h5 Qf6 23. hxg6 fxg6 24. Qg4 Rfe8 25. Qh3 h6 26. Rhf1 Qe7 27. Qg4 Ne5
28. Qe2 Nc4 29. Bh3 Bc8 30. Qd3 Bxd4 31. Qxd4 Qg7 32. Rf6 Bd7 33. Nh5 Qh7 34.
Rxg6+ Qxg6 35. Rg1 Nd2+ 36. Ka2 e5 37. Rxg6+ Kf7 38. Rg7+ Kf8 39. Qf2+ 1-0

[Event "Montcalm 2 2016-17"]
[Site "Quebec CAN"]
[Date "2016.10.20"]
[Round "2"]
[White "Dumont, Eric"]
[Black "Doyon, Stephane"]
[Result "0-1"]
[WhiteElo "1771"]
[BlackElo "1852"]
[PlyCount "46"]
[EventDate "2016.10.13"]
[EventType "swiss"]
[EventRounds "5"]
[EventCountry "CAN"]

1. d4 d5 2. Bf4 Nf6 3. e3 e6 4. Bd3 c5 5. c3 Nc6 6. Nf3 Bd6 7. Ne5 O-O 8. Nd2
Qe7 9. Ndf3 Bxe5 10. dxe5 Nd7 11. h4 f6 12. Bxh7+ Kxh7 13. Ng5+ fxg5 14. Qh5+
Kg8 15. hxg5 Ncxe5 16. g6 Nxg6 17. Bg5 Qe8 18. Qh7+ Kf7 19. Rh3 Nde5 20. Bh6
Ke7 21. Bxg7 Nd3+ 22. Kd2 Rxf2+ 23. Kxd3 Qb5+ 0-1

[Event "Montcalm 2 2016-17"]
[Site "Quebec CAN"]
[Date "2016.10.20"]
[Round "2"]
[White "Halhal, Sami"]
[Black "Cummins, Paul"]
[Result "1-0"]
[WhiteElo "1808"]
[BlackElo "1766"]
[PlyCount "47"]
[EventDate "2016.10.13"]
[EventType "swiss"]
[EventRounds "5"]
[EventCountry "CAN"]

1. d4 Nf6 2. Nc3 d6 3. e4 g6 4. Be2 Bg7 5. Be3 Nbd7 6. Qd2 h5 7. f4 Nb6 8. h3
c6 9. Nf3 Qc7 10. e5 Nfd5 11. Bf2 Bd7 12. Ne4 dxe5 13. dxe5 f5 14. Neg5 e6 15.
c4 Ne7 16. Bc5 Nbc8 17. Rd1 b6 18. Bd6 Qb7 19. Nd4 Nxd6 20. exd6 e5 21. Nde6
Bxe6 22. Nxe6 Bh6 23. d7+ Kf7 24. d8=N+ 1-0

[Event "Montcalm 2 2016-17"]
[Site "Quebec CAN"]
[Date "2016.10.20"]
[Round "2"]
[White "Picard-Fortin, Julien-Pierre"]
[Black "Leblanc-Legault, Mathieu"]
[Result "1/2-1/2"]
[WhiteElo "1684"]
[BlackElo "1743"]
[PlyCount "101"]
[EventDate "2016.10.13"]
[EventType "swiss"]
[EventRounds "5"]
[EventCountry "CAN"]

1. e4 e6 2. d4 d5 3. e5 c5 4. c3 Nc6 5. Nf3 Qb6 6. Bd3 cxd4 7. cxd4 Bd7 8. Be2
Nge7 9. Nc3 Nf5 10. O-O Nfxd4 11. Nxd4 Nxe5 12. Re1 Bc5 13. Na4 Bxa4 14. Qxa4+
Nc6 15. Nxc6 Bxf2+ 16. Kf1 bxc6 17. Rd1 Bg1 18. Qf4 h5 19. Rd3 g5 20. Qf3 Bxh2
21. Qe3 Qxe3 22. Bxe3 f6 23. Rc1 Kd7 24. Rdc3 Rhc8 25. Bxh5 Be5 26. Rb3 Rcb8
27. Rxb8 Rxb8 28. b3 Rh8 29. Be2 Rh1+ 30. Kf2 Rxc1 31. Bxc1 Bd4+ 32. Kg3 a5 33.
Bd2 Bb6 34. a4 c5 35. Kg4 Kd6 36. Bb5 Ke5 37. Bc3+ d4 38. Bd2 Ke4 39. Bd7 Kd5
40. Bb5 Bd8 41. Kf3 f5 42. g3 e5 43. Bc4+ Kd6 44. g4 e4+ 45. Kg3 f4+ 46. Bxf4+
gxf4+ 47. Kxf4 e3 48. Ke4 Bf6 49. Bd3 Ke6 50. Bc4+ Kd6 51. Bd3 1/2-1/2

[Event "Montcalm 2 2016-17"]
[Site "Quebec CAN"]
[Date "2016.10.20"]
[Round "2"]
[White "Ripoll, Arthur"]
[Black "Dube, Dominic"]
[Result "0-1"]
[WhiteElo "1710"]
[BlackElo "1685"]
[PlyCount "84"]
[EventDate "2016.10.13"]
[EventType "swiss"]
[EventRounds "5"]
[EventCountry "CAN"]

1. e4 c6 2. d4 d5 3. exd5 cxd5 4. c4 Nf6 5. Nc3 e6 6. c5 Nc6 7. Nf3 Be7 8. Bb5
O-O 9. O-O Nd7 10. Re1 Bf6 11. Bf4 Ndb8 12. a3 Bd7 13. b4 a6 14. Ba4 Re8 15.
Bd6 Ne7 16. Bc2 Ng6 17. Qd3 Be7 18. Bxe7 Rxe7 19. h4 f5 20. h5 Nf4 21. Qe3 Nxh5
22. Bxf5 Nc6 23. Bh3 Qf8 24. g3 Qf6 25. Bg4 Qg6 26. Bxh5 Qxh5 27. Ne5 Nxe5 28.
Qxe5 Qxe5 29. Rxe5 Rf7 30. Rae1 Raf8 31. R1e2 Rf3 32. R5e3 R8f6 33. Kg2 R3f5
34. f4 Kf7 35. Re5 h6 36. Nxd5 Bc6 37. Kh3 Bxd5 38. R5e3 g5 39. a4 gxf4 40.
gxf4 Rxf4 41. b5 axb5 42. axb5 Rxd4 0-1

[Event "Montcalm 2 2016-17"]
[Site "Quebec CAN"]
[Date "2016.10.20"]
[Round "2"]
[White "Sarra-Bournet, Marc"]
[Black "Tremblay, Rejean"]
[Result "0-1"]
[WhiteElo "1862"]
[BlackElo "2170"]
[PlyCount "48"]
[EventDate "2016.10.13"]
[EventType "swiss"]
[EventRounds "5"]
[EventCountry "CAN"]

1. e4 e6 2. d4 d5 3. Nd2 Nf6 4. e5 Nfd7 5. f4 c5 6. c3 Nc6 7. Ndf3 Qb6 8. g3 f6
9. Bh3 cxd4 10. cxd4 fxe5 11. fxe5 Bb4+ 12. Kf1 O-O 13. Bxe6+ Kh8 14. Kg2 Ndxe5
15. Bxd5 Nxf3 16. Nxf3 Bg4 17. Bxc6 Qxc6 18. Rf1 Rac8 19. Bf4 Qd5 20. a3 Bd6
21. Bxd6 Qxd6 22. Qd3 Qd5 23. Rad1 Bxf3+ 24. Rxf3 Rxf3 0-1

[Event "Montcalm 2 2016-17"]
[Site "Quebec CAN"]
[Date "2016.10.27"]
[Round "3"]
[White "Betancourt, Juan-Mauricio"]
[Black "Sarra-Bournet, Marc"]
[Result "1-0"]
[WhiteElo "1861"]
[BlackElo "1862"]
[PlyCount "67"]
[EventDate "2016.10.13"]
[EventType "swiss"]
[EventRounds "5"]
[EventCountry "CAN"]

1. Nf3 d5 2. d4 Nf6 3. c4 e6 4. e3 Nbd7 5. Nc3 Be7 6. Bd3 O-O 7. O-O b6 8. e4
dxc4 9. Bxc4 Bb7 10. e5 Ne4 11. Bd3 Nxc3 12. bxc3 c5 13. Qe2 cxd4 14. cxd4 Rc8
15. a4 Rc3 16. Bb2 Rb3 17. Qc2 Nc5 18. Bxh7+ Kh8 19. dxc5 Rxf3 20. gxf3 g6 21.
c6 Ba8 22. Bxg6 fxg6 23. Qe4 Qc7 24. Rac1 Bc5 25. Qh4+ Kg7 26. Rxc5 bxc5 27.
Bc1 Rf7 28. Rd1 Bxc6 29. Bh6+ Kh7 30. Bg5+ Kg8 31. Rd8+ Rf8 32. Rxf8+ Kxf8 33.
Qh8+ Kf7 34. Qh7+ 1-0

[Event "Montcalm 2 2016-17"]
[Site "Quebec CAN"]
[Date "2016.10.27"]
[Round "3"]
[White "Cummins, Paul"]
[Black "Dumont, Eric"]
[Result "1/2-1/2"]
[WhiteElo "1766"]
[BlackElo "1771"]
[PlyCount "85"]
[EventDate "2016.10.13"]
[EventType "swiss"]
[EventRounds "5"]
[EventCountry "CAN"]

1. Nf3 g6 2. d4 Nf6 3. g3 d5 4. Bg2 Bg7 5. O-O Nbd7 6. Re1 O-O 7. Nbd2 c6 8. c4
Qb6 9. Qc2 e5 10. c5 Qc7 11. dxe5 Nxe5 12. Nd4 Bd7 13. N2b3 Nh5 14. Nf3 Bf5 15.
Qd1 Nc4 16. Nbd4 Be4 17. b3 Ne5 18. Bb2 Rfe8 19. Qd2 Qe7 20. Rac1 Nd7 21. b4
Ne5 22. Nxe5 Bxg2 23. Nxg6 hxg6 24. Kxg2 Nf6 25. f3 Kh7 26. Qd3 Rad8 27. b5
cxb5 28. Nxb5 Rh8 29. e3 Kg8 30. Kg1 Qd7 31. Nd4 Qh3 32. Qe2 Re8 33. Qg2 Qh6
34. Rc3 Nd7 35. Ra3 Nxc5 36. Ba1 a6 37. Nc2 Bxa1 38. Rxa1 b5 39. Re1 Qg7 40.
Nb4 d4 41. e4 Qf6 42. Nd3 Rc8 43. Rd1 1/2-1/2

[Event "Montcalm 2 2016-17"]
[Site "Quebec CAN"]
[Date "2016.10.27"]
[Round "3"]
[White "Doyon, Stephane"]
[Black "Dube, Daniel"]
[Result "1-0"]
[WhiteElo "1852"]
[BlackElo "1835"]
[PlyCount "112"]
[EventDate "2016.10.13"]
[EventType "swiss"]
[EventRounds "5"]
[EventCountry "CAN"]

1. e4 g6 2. d4 d6 3. Nc3 c6 4. f4 d5 5. e5 h5 6. Nf3 Nh6 7. Bd3 Bf5 8. O-O e6
9. Ne2 Nd7 10. c4 Bxd3 11. Qxd3 dxc4 12. Qxc4 Nb6 13. Qb3 Qd5 14. Nc3 Qxb3 15.
axb3 Be7 16. Be3 Nf5 17. Bf2 a6 18. Na4 Nd5 19. g3 Nfe3 20. Bxe3 Nxe3 21. Rf2
h4 22. Re2 Nd5 23. Nc3 hxg3 24. hxg3 O-O-O 25. Nxd5 Rxd5 26. Rc1 Kb8 27. Rh2
Rxh2 28. Kxh2 Bd8 29. Kh3 Kc8 30. Kg4 Bb6 31. Ng5 Rd7 32. Ne4 Rxd4 33. Nd6+ Kc7
34. Nxf7 Rd2 35. Ng5 Kd7 36. Rh1 Bd8 37. Ne4 Rxb2 38. Nc5+ Kc8 39. Rh8 a5 40.
Nxe6 Rd2 41. Nxd8 Rxd8 42. Rxd8+ Kxd8 43. Kg5 b5 44. Kxg6 Ke8 45. Kg7 a4 46.
bxa4 bxa4 47. f5 a3 48. f6 a2 49. f7+ Kd7 50. f8=Q a1=Q 51. Qd6+ Ke8 52. Qxc6+
Ke7 53. Qc7+ Ke8 54. Qf7+ Kd8 55. Qf6+ Ke8 56. e6 Qd4 1-0